| 000 | 00407nam a2200133Ia 4500 | ||
|---|---|---|---|
| 008 | 220217s9999||||xx |||||||||||||| ||und|| | ||
| 020 | _a81-7758-231-3 | ||
| 082 | _a004.67 MCC | ||
| 100 |
_aMcClure, Stuart. Shah, Saumil. and Shah, Shreeraj _95946 |
||
| 245 | 0 | _aWeb hacking: attacks and defense | |
| 260 |
_aPearson education of asia _bNew Delhi _c2007 |
||
| 300 | _b375 | ||
| 650 | _aCOMPUTER NETWORK | ||
| 999 |
_c177176 _d177176 |
||